| 000 | 00567nam a22002417a 4500 | ||
|---|---|---|---|
| 003 | UA-OsUOA | ||
| 001 | 20843 | ||
| 007 | ta | ||
| 008 | 20031105b un ||||| |||| 00| 0 ukr d | ||
| 100 | _aКанаев Иван Иванович | ||
| 090 |
_a929:001 _bК19 |
||
| 942 | _cBK | ||
| 040 |
_aUA-OsUOA _brus _cUA-OsUOA _dUA-OsUOA |
||
| 245 | _aЖорж Кувье (1769-1832) | ||
| 300 | _a211 с. | ||
| 955 | _a0 | ||
| 041 | _arus | ||
| 080 | _a929:001 | ||
| 260 |
_aЛенинград _bНаука _c1976 |
||
| 044 | _aUA | ||
| 650 | 7 | _2UDC | |
| 999 |
_c307028 _d307028 |
||